Catálogo
 En Linea

Los ejercitos del rey / (Registro nro. 6291)

Detalles MARC
000 -CABECERA
campo de control de longitud fija 01057cam a2200241 a 4500
001 - NÚMERO DE CONTROL
campo de control 000006500
005 - FECHA Y HORA DE LA ÚLTIMA TRANSACCIÓN
campo de control 20200929153936.0
008 - DATOS DE LONGITUD FIJA--INFORMACIÓN GENERAL
campo de control de longitud fija 900426s1989 cl a f000 0 spa d
020 ## - NÚMERO INTERNACIONAL ESTÁNDAR DEL LIBRO
Número Internacional Estándar del Libro 9586430499 (tapa dura)
040 ## - FUENTE DE LA CATALOGACIÓN
Centro catalogador/agencia de origen DO-SdBNP
Lengua de catalogación spa
Centro/agencia transcriptor BNPHU
082 ## - NÚMERO DE LA CLASIFICACIÓN DECIMAL DEWEY
Número de clasificación 986.1
Número de documento/Ítem E36r
245 04 - MENCIÓN DE TÍTULO
Título Los ejercitos del rey /
Mención de responsabilidad, etc. compilación y prólogo Alberto Lee Lopez.
260 ## - PUBLICACIÓN, DISTRIBUCIÓN, ETC.
Lugar de publicación, distribución, etc. Bogotá, Colombia :
Nombre del editor, distribuidor, etc. Fundación para la conmemoración del bicentenario del natalicio y el sesquicentenario de la muerte del general Francisco de Paula Santander,
Fecha de publicación, distribución, etc. 1989.
300 ## - DESCRIPCIÓN FÍSICA
Extensión v. ;
Dimensiones 26 cm.
490 1# - MENCIÓN DE SERIE
Mención de serie Documentos ;
Designación de volumen o secuencia 16
490 1# - MENCIÓN DE SERIE
Mención de serie Biblioteca de la Presidencia de la República
504 ## - NOTA DE BIBLIOGRAFÍA, ETC.
Nota de bibliografía, etc. Bibliográfía : p. 365-366.
505 0# - NOTA DE CONTENIDO CON FORMATO
Información miscelánea v. 2.
Título 1818-1819.
700 1# - PUNTO DE ACCESO ADICIONAL--NOMBRE DE PERSONA
Nombre de persona Lee-Lopez, Alberto,
Término indicativo de función/relación comp.
9 (RLIN) 18020
710 1# - PUNTO DE ACCESO ADICIONAL--NOMBRE DE ENTIDAD CORPORATIVA
Nombre de entidad corporativa o nombre de jurisdicción como elemento de entrada Fundación para la conmemoración del bicentenario del natalicio y el sesquicentenario de la muerte del general Francisco de Paula Santander.
9 (RLIN) 18021
830 #0 - PUNTO DE ACCESO ADICIONAL DE SERIE-TÍTULO UNIFORME
Título uniforme Documentos ;
Número de parte o sección de la obra 16
9 (RLIN) 18022
830 #0 - PUNTO DE ACCESO ADICIONAL DE SERIE-TÍTULO UNIFORME
Título uniforme Biblioteca de la Presidencia de la República
9 (RLIN) 7504
Existencias
Estado de retiro Estado de pérdida Restricciones de uso No para préstamo Código de colección Localización permanente Ubicación/localización actual Ubicación en estantería Fecha de adquisición Número de inventario Total de préstamos Signatura topográfica completa Código de barras Fecha visto por última vez Precio válido a partir de Tipo de ítem Koha
      Excluido de préstamo Monografías: Libros y Folletos General General Depósito 31.08.2009 LF1   986.1 E36r 6500-10 25.06.2020 25.06.2020 No se presta

Con tecnología Koha